| 000 | 00594nam a2200205 a 4500 | ||
|---|---|---|---|
| 005 | 20241009063709.0 | ||
| 008 | 021108s2000 mx r 000 0 spa d | ||
| 020 | _a0521652332 | ||
| 035 | _aUPN01000120902 | ||
| 049 | _aCG | ||
| 050 | 4 |
_aP41 _bJ4.2 |
|
| 100 | 1 | _aJenkins, Lyle | |
| 245 | 1 | 0 |
_aBiolinguistics : _bexploring the biology of language / _cLyle Jenkins. |
| 260 |
_aCambridge, UK : _bCambridge University, _c2000. |
||
| 300 | _axii, 264 p. | ||
| 650 | 4 |
_aBIOLINGUISTICA _94221 |
|
| 650 | 4 |
_aLingüística _96151 |
|
| 650 | 0 |
_aGramática comparada y general _915920 |
|
| 905 | _aLibro | ||
| 999 |
_c93222 _d93222 |
||